Основы оперативно-производственого планирования на машиностроительном предприятии: учебное пособие

Chi tiết về thư mục
Tác giả chính: Татевосов К. Г. Константин Георгиевич
Ngôn ngữ:Tiếng Nga
Được phát hành: Москва, Машиностроение, 1965
Những chủ đề:
Định dạng: Sách
KOHA link:https://koha.lib.tpu.ru/cgi-bin/koha/opac-detail.pl?biblionumber=177731

MARC

LEADER 00000nam0a2200000 4500
001 177731
005 20231031165707.0
035 |a (RuTPU)RU\TPU\book\192704 
090 |a 177731 
100 |a 20100324d1965 m y0rusy50 ca 
101 0 |a rus 
102 |a RU 
105 |a a j 000zy 
200 1 |a Основы оперативно-производственого планирования на машиностроительном предприятии  |e учебное пособие  |f К. Г. Татевосов 
210 |a Москва  |c Машиностроение  |d 1965 
215 |a 376 с.  |c ил. 
610 1 |a машиностроительные заводы 
610 1 |a планирование 
610 1 |a задачи 
610 1 |a план производства 
610 1 |a расчеты 
610 1 |a мелкосерийное производство 
610 1 |a массовое производство 
610 1 |a учебные пособия 
675 |a 621.80:658.51(075.8)  |v 3 
700 1 |a Татевосов  |b К. Г.  |g Константин Георгиевич 
801 1 |a RU  |b 63413507  |c 20100324 
801 2 |a RU  |b 63413507  |c 20220414  |g RCR 
942 |c BK